Memoria sobre las ventajas del tabaco filipino para el consumo de la península, presentada en 1857 al Excmo. Señor Ministro de Hacienda D. Alejandro Mon y al Ilustrísimo Sr. D. Isidoro Díaz y Argüelles, director general de Ultramar / (Record no. 159451)

MARC details
000 -LEADER
campo de control de longitud fija 01029nam a2200217 i 4500
001 - NÚMERO DE CONTROL
campo de control 159451
003 - IDENTIFICADOR DE NÚMERO DE CONTROL
campo de control ES-MaACL
005 - FECHA Y HORA DE LA ÚLTIMA TRANSACCIÓN
campo de control 20230906211618.0
008 - DATOS DE LONGITUD FIJA--INFORMACIÓN GENERAL
campo de control de longitud fija 040913s1859 sp |||| | spa d
080 ## - NÚMERO DE LA CLASIFICACIÓN DECIMAL UNIVERSAL
Número de la Clasificación Decimal Universal 663.93:339.562(460)
080 ## - NÚMERO DE LA CLASIFICACIÓN DECIMAL UNIVERSAL
Número de la Clasificación Decimal Universal 663.93:339.564(540)
100 1# - ENTRADA PRINCIPAL--NOMBRE DE PERSONA
Nombre de persona Mercader y Sartorio, Luis.
9 (RLIN) 150126
245 10 - MENCIÓN DEL TÍTULO
Título Memoria sobre las ventajas del tabaco filipino para el consumo de la península, presentada en 1857 al Excmo. Señor Ministro de Hacienda D. Alejandro Mon y al Ilustrísimo Sr. D. Isidoro Díaz y Argüelles, director general de Ultramar /
Mención de responsabilidad, etc. por D. Luis Mercader y Sartorio.
260 ## - PUBLICACIÓN, DISTRIBUCIÓN, ETC.
Lugar de publicación, distribución, etc. Madrid :
Nombre del editor, distribuidor, etc. [s.n.],
Fecha de publicación, distribución, etc. 1859 (
Fabricante Imp. de T. Fortanet)
300 ## - DESCRIPCIÓN FÍSICA
Extensión 26 p. ;
Dimensiones 23 cm.
530 ## - NOTA DISPONIBLE DE FORMULARIO FÍSICO ADICIONAL
Nota de formato físico adicional disponible Disponible en formato digital.
650 #4 - PUNTO DE ACCESO ADICIONAL DE MATERIA--TÉRMINO DE MATERIA
Término de materia o nombre geográfico como elemento de entrada Tabaco-
Subdivisión geográfica España.
9 (RLIN) 161276
650 #4 - PUNTO DE ACCESO ADICIONAL DE MATERIA--TÉRMINO DE MATERIA
Término de materia o nombre geográfico como elemento de entrada Tabaco-
Subdivisión geográfica Filipinas.
9 (RLIN) 150125
852 4# - LOCALIZACIÓN
Ubicación ES-MaACL
Número de control de estantería T-53-F-2
Nota libre - Enc. hol., falto de cub. original
-- - Enc. en un vol. facticio
856 4# - LOCALIZACIÓN Y ACCESO ELECTRÓNICOS
Identificador Uniforme de Recursos <a href="http://bdh-rd.bne.es/viewer.vm?id=0000065612&page=1 ">http://bdh-rd.bne.es/viewer.vm?id=0000065612&page=1 </a>
Nota pública Biblioteca Digital Hispánica
Holdings
Estatus retirado Estado de pérdida Estado de daño No para préstamo Colección Biblioteca de origen Biblioteca actual Ubicación en estantería Fecha de adquisición Total de préstamos Signatura topográfica completa Código de barras Visto por última vez Precio de reemplazo Tipo de ítem Koha
        Colección de folletos Biblioteca del Ateneo de Madrid Biblioteca del Ateneo de Madrid Depósito folletos 17/01/2008   T-53-F-2 1166925 23/02/2023 23/02/2023 Folleto